| 000 | 00566nam a2200193Ia 4500 | ||
|---|---|---|---|
| 008 | 220531s9999 xx 000 0 und d | ||
| 041 | _amar | ||
| 082 | _bBHA | ||
| 100 |
_aभणगे, रविंद्र पा. _985129 |
||
| 245 | _aआरक्षणाची वाटचाल आणि ओबीसी आरक्षण | ||
| 250 | _a1ST | ||
| 260 |
_aPune _bDiamond _c2016 |
||
| 300 | _a204 | ||
| 542 | _d21-06-2016 | ||
| 551 |
_aSociology _bGrantable-SCO |
||
| 650 |
_aSociology _985130 |
||
| 906 |
_d2016-2017 _f9244 |
||
| 999 |
_c46809 _d46809 |
||